Carregant...

The Buddha's way to human liberation : a socio-historical approach /

Dades bibliogràfiques
Autor principal: Swaris, Nalin
Format: Printed Book
Publicat: Dehiwala : N. Swaris, 1999.
Matèries:
LEADER 00637mam a2200157 a 4500
082 0 0 |a 294.3/42  |b SWA/B 
100 1 |a Swaris, Nalin. 
245 1 4 |a The Buddha's way to human liberation :  |b a socio-historical approach / 
260 |a Dehiwala :  |b N. Swaris,  |c 1999. 
300 |a xii, 441 p. ; 
500 |a Originally presented as the author's thesis (Ph. D.--State University of Utrecht, 1997). 
650 0 |a Nirvana. 
650 0 |a Enlightenment (Buddhism) 
942 |c BK 
999 |c 148077  |d 148073 
952 |0 0  |1 0  |4 0  |6 294_300000000000000_42_SWA_B  |7 0  |9 146848  |a IUCSSER  |b IUCSSER  |c GEN  |d 2012-10-17  |g 590.00  |l 0  |o 294.3/42 SWA/B  |p IUC00132  |r 2012-10-17  |w 2012-10-17  |y BK